00373cam a22001097a 4500008003800000082001600038245005900054260005700113500002100170650002700191700004500218180718b-- xxu||||| |||| 00| 0 eng d aT48x54 F119 aFact bookcby National Stock Exchange of India Limited aMumbaibNational Stock Exchange of India Limitedc-- aLibrary has 2003 aStock-exchange - India aNational Stock Exchange of India Limited